|
|
|
|
| LEADER |
00000nam a2200000 a 4500 |
| 001 |
vtls001077939 |
| 003 |
SK-MaSNL |
| 005 |
20260301153206.0 |
| 008 |
240226s1994 xo g 000 e slo |
| 015 |
|
|
|a SNBA1995/03
|
| 020 |
|
|
|a 8088735203
|
| 035 |
|
|
|a SNK000020774
|
| 035 |
|
|
|a urn:nbn:sk:snk-am3hfkp
|
| 035 |
|
|
|a 8A944C61-174E-4E31-A6D5-601B73B5636C
|
| 035 |
|
|
|a urn:nbn:sk:snk-am00cykp
|
| 040 |
|
|
|a SNK
|b slo
|c SNK
|e AACR2
|
| 041 |
0 |
|
|a slo
|
| 044 |
|
|
|a xo
|c SK
|
| 080 |
|
|
|a 885.4-4
|2 1981
|
| 100 |
1 |
|
|a Števček, Ján,
|d 1929-1996
|4 aut
|9 105256
|
| 245 |
1 |
0 |
|a Sliačske meditácie
|c Ján Števček ; obál. Agentúra Fischer
|
| 250 |
|
|
|a 1. vyd.
|
| 260 |
|
|
|a Bratislava
|b Vydavateľstvo Spolku slovenských spisovateľov
|c 1994
|
| 300 |
|
|
|a 136 s.
|c 15 cm
|
| 490 |
1 |
|
|a Komorná knižnica Jána Smreka
|v zv. 6
|
| 500 |
|
|
|a Sadzba: Agentúra Fischer a Korprint
|
| 500 |
|
|
|a Fotogr. na front.
|
| 500 |
|
|
|a Agentúra Fischer
|
| 655 |
|
7 |
|a eseje
|2 SNKPH
|9 57030
|
| 655 |
|
7 |
|a slovenské prózy
|2 SNKPH
|9 70229
|
| 710 |
0 |
|
|a Agentúra Fischer (Bratislava, Slovensko)
|4 bjd
|9 33860
|
| 830 |
|
0 |
|a Komorná knižnica Jána Smreka
|9 276464
|
| 919 |
|
|
|a 80-88735-20-3
|
| 954 |
|
|
|a beletria pôvodná (slovenská)
|2 lita
|
| 958 |
|
|
|a TL
|
| 958 |
|
|
|a LX
|
| 958 |
|
|
|a SK
|
| 999 |
|
|
|c 791921
|d 793851
|
| 952 |
|
|
|t P60, <04>, [BOOK], {604}
|a SNK
|b SNK
|y VYP
|7 0
|p 17A0400563
|o snkSE 8917 D1
|i snkKSP 1913/95
|0 0
|1 0
|4 0
|d 2003-10-23
|l 0
|r 2004-12-31 00:00:00
|w 2026-02-24
|
| 952 |
|
|
|a SNK
|b SNK
|y PREZ
|7 0
|p 17A0787057
|o snkSE 8917
|0 0
|1 0
|4 0
|d 2012-01-25
|f 1
|l 0
|r 2026-02-24 01:41:03
|w 2026-02-24
|